00504nam a2200145Ia 4500008004100000041000800041082001200049100001700061245004400078260004200122300002400164365001100188999001700199952014200216240624s9999 xx 000 0 und d aeng a823 BEA aBEAH ISHMAEL aLONG WAY GONE MEMORIES OF A BOY SOLDIER c2007aNew DelhibFarrar Straus Giroux a229 : p. : cm. ; 22 cRSb20 c11787d11787 00104070aIMTNbIMTNcRack 39-Ad2008-12-01eWBDg295.00l2m1n577o823 BEAp11787r2025-11-20 14:13:53s2025-10-08t1w2024-06-24yBK